[Event "Nordic Youth-ch U11"]
[Site "Fredericia"]
[Date "2020.02.16"]
[Round "4"]
[White "Briem, Gudrun Fanney"]
[Black "Penki, Tunav Chand"]
[Result "1-0"]
[WhiteElo "1209"]
[BlackElo "1233"]
[PlyCount "58"]
[EventDate "2020.02.14"]
[EventType "swiss"]
[EventRounds "6"]
[EventCountry "DEN"]
[SourceTitle "EXT 2025"]
[Source "ChessBase"]
[SourceDate "2024.10.14"]
[SourceVersion "1"]
[SourceVersionDate "2024.10.14"]
[SourceQuality "1"]

1. d4 d5 2. Bf4 Nf6 3. e3 Nc6 4. Nf3 a6 5. c3 e6 6. Bd3 Bd6 7. Bg3 0-0 8. Nbd2 Nh5 9. Qe2 f6 10. Bxd6 cxd6 11. g4 Qe8 12. gxh5 Qxh5 13. 0-0-0 e5 14. e4 exd4 15. Nxd4 Bg4 16. f3 Nxd4 17. cxd4 Rac8+ 18. Kb1 Be6 19. Rdg1 Qf7 20. b3 a5 21. Bb5 dxe4 22. fxe4 d5 23. e5 fxe5 24. Qxe5 Bf5+ 25. Ka1 Rc2 26. Nb1 Be4 27. Rf1 Qg6 28. Rhg1 Rxf1 29. Rxf1 Rxh2 1-0